| 000 | 00516cam a2200217ua 4500 | ||
|---|---|---|---|
| 020 | _c12.50 | ||
| 041 |
_aeng _h |
||
| 082 |
_a539 _bRAJ/MO |
||
| 100 | _aRajan, J.B . | ||
| 245 |
_aModern physics for degree students / _cJ.B Rajan. _hTextual Documents |
||
| 250 |
_a3 / _b. |
||
| 260 |
_aNew Delhi : _bS.Chand and Co , _c1967. |
||
| 300 | _a620 ; . | ||
| 365 | _a12.50 | ||
| 504 | _a | ||
| 942 | _cBK | ||
| 999 |
_c7632 _d7632 |
||